Zákon Národnej rady Slovenskej republiky č.274/1994 Z.z. o Sociálnej poisťovni
Zákon Národnej rady Slovenskej republiky č.274/1994 Z.z. o Sociálnej poisťovni zmenený a doplnený zákonom NR SR č.374/1994 Z.z. a zákonom NR SR č.304/1995 Z.z.
Saved in:
| Format: | Book Chapter |
|---|---|
| Language: | Slovak |
| Subjects: | |
| Tags: |
No Tags, Be the first to tag this record!
|
MARC
| LEADER | 00000naa a2200000 4500 | ||
|---|---|---|---|
| 001 | r020170 | ||
| 005 | 20230922130225.5 | ||
| 041 | 0 | |a slo | |
| 044 | |a SK | ||
| 245 | 1 | 0 | |a Zákon Národnej rady Slovenskej republiky č.274/1994 Z.z. o Sociálnej poisťovni |
| 520 | |a Zákon Národnej rady Slovenskej republiky č.274/1994 Z.z. o Sociálnej poisťovni zmenený a doplnený zákonom NR SR č.374/1994 Z.z. a zákonom NR SR č.304/1995 Z.z. | ||
| 610 | 2 | 0 | |a zákony |
| 610 | 2 | 0 | |a Slovensko |
| 610 | 2 | 0 | |a Sociálna poisťovňa, a.s. Bratislava |
| 610 | 2 | 0 | |a inštitúcie verejnoprávne |
| 610 | 2 | 0 | |a 1994-1995 |